Informe al Gobierno de la República oriental del Uruguay sobre seguridad social. (Record no. 37224)

MARC details
000 -LEADER
fixed length control field 00738cam a22002531 4500
001 - CONTROL NUMBER
control field l 65000206
003 - CONTROL NUMBER IDENTIFIER
control field DLC
005 - DATE AND TIME OF LATEST TRANSACTION
control field 20260227111548.0
008 - FIXED-LENGTH DATA ELEMENTS--GENERAL INFORMATION
fixed length control field 830310s1964 sz i000 0 spa
010 ## - LIBRARY OF CONGRESS CONTROL NUMBER
LC control number l 65000206
035 ## - SYSTEM CONTROL NUMBER
System control number (OCoLC)9298955
040 ## - CATALOGING SOURCE
Original cataloging agency DLC
Transcribing agency PPiU
Modifying agency DLC
042 ## - AUTHENTICATION CODE
Authentication code premarc
043 ## - GEOGRAPHIC AREA CODE
Geographic area code s-uy---
050 00 - LIBRARY OF CONGRESS CALL NUMBER
Classification number HD7162
Item number .I5
110 2# - MAIN ENTRY--CORPORATE NAME
Corporate name or jurisdiction name as entry element International Labour Office.
245 10 - TITLE STATEMENT
Title Informe al Gobierno de la República oriental del Uruguay sobre seguridad social.
260 ## - PUBLICATION, DISTRIBUTION, ETC.
Place of publication, distribution, etc. Ginerbra,
Date of publication, distribution, etc. 1964.
300 ## - PHYSICAL DESCRIPTION
Extent iii, 71 p.
Dimensions 30 cm.
500 ## - GENERAL NOTE
General note "OIT/TAP/Uruguay/R.5"
500 ## - GENERAL NOTE
General note At head of title: Programa Ampliado de Asistencia Técnica.
650 #0 - SUBJECT ADDED ENTRY--TOPICAL TERM
Topical term or geographic name entry element Social security
Geographic subdivision Uruguay.
710 1# - ADDED ENTRY--CORPORATE NAME
Corporate name or jurisdiction name as entry element Uruguay.

No items available.

Powered by Koha